[Event "26. Copenhagen Open  (Politiken Cup)"]
[Site "Taastrup"]
[Date "2004.07.25"]
[Round "3"]
[White "Trygstad, Kristian"]
[Black "Christensen, Janus"]
[Result "1/2-1/2"]
[WhiteElo "2265"]
[BlackElo "2054"]
[PlyCount "43"]
[EventDate "2004.07.24"]
[EventType "swiss"]
[EventRounds "10"]
[EventCountry "DEN"]
[SourceDate "2004.01.01"]

1. e4 c6 2. d4 d5 3. f3 dxe4 4. fxe4 e5 5. Nf3 exd4 6. Bc4 Be6 7. Bxe6 fxe6 8.
O-O Be7 9. Nxd4 Nf6 10. Nxe6 Qxd1 11. Rxd1 Na6 12. Nc3 Kf7 13. Ng5+ Kg6 14. h3
Bc5+ 15. Kh2 Rhe8 16. Bf4 h6 17. Nf3 Nxe4 18. Ne5+ Kf5 19. Nxe4 Kxf4 20. Nxc5
Nxc5 21. Nd7 Ne4 22. Rd4 1/2-1/2

[Event "26. Copenhagen Open  (Politiken Cup)"]
[Site "Taastrup"]
[Date "2004.07.25"]
[Round "3"]
[White "Trarup, Jorgen"]
[Black "Henrichsen, Jens"]
[Result "1/2-1/2"]
[WhiteElo "1378"]
[BlackElo "2084"]
[PlyCount "157"]
[EventDate "2004.07.24"]
[EventType "swiss"]
[EventRounds "10"]
[EventCountry "DEN"]
[SourceDate "2004.01.01"]

1. e4 c5 2. Nf3 e6 3. Nc3 a6 4. d4 cxd4 5. Nxd4 d6 6. Nf3 Qc7 7. a3 Nf6 8. Bd3
Be7 9. h3 b5 10. O-O Bb7 11. Re1 Nbd7 12. Bf4 e5 13. Bg5 Rc8 14. Qe2 Nb6 15.
Rad1 O-O 16. Bxf6 Bxf6 17. Rd2 Be7 18. Nd1 g6 19. Ne3 Na4 20. c3 Nc5 21. Bc2
Nxe4 22. Nd5 Bxd5 23. Bxe4 Be6 24. Bd5 Bxd5 25. Rxd5 Qc4 26. Qd2 Rc5 27. Rxd6
Bxd6 28. Qxd6 Rc6 29. Qe7 Re6 30. Qd7 f6 31. Nd4 Ree8 32. Nc6 Qe6 33. Qb7 Ra8
34. Rd1 Rae8 35. Rd7 Rf7 36. Rxf7 Qxf7 37. Qxa6 Qb3 38. Qb7 Qxb2 39. Ne7+ Kf8
40. Nc6 Qxc3 41. Qxb5 Qxa3 42. Qb7 Ra8 43. Kh2 Qa4 44. Qe7+ Kg8 45. Qxf6 Qf4+
46. Qxf4 exf4 47. g4 Kf7 48. Kg2 Kf6 49. h4 Ra4 50. Kf3 h6 51. Nd8 g5 52. h5
Ra6 53. Nb7 Ke5 54. Nc5 Ra3+ 55. Kg2 Kd5 56. Nd7 Ra6 57. Nf8 Rd6 58. Ng6 Ke4
59. Ne7 Ra6 60. Nf5 Rb6 61. Ne7 Rb1 62. Nf5 f3+ 63. Kh2 Rf1 64. Ng3+ Kf4 65.
Nxf1 Kxg4 66. Ng3 Kh4 67. Kg1 Kg4 68. Kf1 Kh4 69. Ke1 Kh3 70. Nf5 Kg4 71. Nxh6+
Kxh5 72. Nf5 Kg4 73. Ng3 Kh3 74. Kf1 Kh2 75. Ne4 g4 76. Ke1 Kg2 77. Ng3 Kg1 78.
Nf5 Kg2 79. Ng3 1/2-1/2

[Event "26. Copenhagen Open  (Politiken Cup)"]
[Site "Taastrup"]
[Date "2004.07.25"]
[Round "3"]
[White "Werner, Gert"]
[Black "Rohrmueller, Ulrich"]
[Result "0-1"]
[WhiteElo "2085"]
[BlackElo "2260"]
[PlyCount "74"]
[EventDate "2004.07.24"]
[EventType "swiss"]
[EventRounds "10"]
[EventCountry "DEN"]
[SourceDate "2004.01.01"]

1. Nf3 Nf6 2. g3 d5 3. Bg2 e6 4. O-O Be7 5. c4 O-O 6. d4 dxc4 7. Ne5 Nc6 8.
Nxc4 Qxd4 9. Qxd4 Nxd4 10. Nc3 c6 11. e3 Nc2 12. Rb1 Nb4 13. e4 Rd8 14. h3 b6
15. Be3 Ba6 16. b3 Nc2 17. Bc1 Rac8 18. Rd1 Rxd1+ 19. Nxd1 Rd8 20. Bb2 Nb4 21.
Ne5 Bb7 22. a3 Nd3 23. Nxd3 Rxd3 24. b4 c5 25. Bf1 Rd2 26. e5 Ne4 27. Nc3 Rxb2
28. Rxb2 Nxc3 29. Bg2 Bxg2 30. Kxg2 g5 31. Kf3 Kg7 32. Rb3 Nd5 33. bxc5 Bxc5
34. g4 a5 35. a4 Bb4 36. Rb1 Nc3 37. Ra1 Bc5 0-1

[Event "26. Copenhagen Open  (Politiken Cup)"]
[Site "Taastrup"]
[Date "2004.07.25"]
[Round "3"]
[White "Willumsen, Niels Henrik"]
[Black "Rosenkilde, Alexander"]
[Result "1-0"]
[WhiteElo "2178"]
[BlackElo "1989"]
[PlyCount "55"]
[EventDate "2004.07.24"]
[EventType "swiss"]
[EventRounds "10"]
[EventCountry "DEN"]
[SourceDate "2004.01.01"]

1. e4 c5 2. Nf3 Nc6 3. d4 cxd4 4. Nxd4 Nf6 5. Nc3 e5 6. Ndb5 d6 7. Bg5 a6 8.
Na3 b5 9. Bxf6 gxf6 10. Nd5 f5 11. Bd3 Be6 12. O-O Bxd5 13. exd5 Ne7 14. c3 Bg7
15. Nc2 O-O 16. a4 e4 17. Be2 bxa4 18. Ne3 f4 19. Nc4 Ng6 20. Rxa4 Qg5 21. Kh1
Nh4 22. Rg1 Qh6 23. Nb6 f5 24. Nxa8 Be5 25. Nb6 f3 26. g3 Kh8 27. Bxa6 e3 28.
Rxh4 1-0

[Event "26. Copenhagen Open  (Politiken Cup)"]
[Site "Taastrup"]
[Date "2004.07.25"]
[Round "3"]
[White "Wilsbeck, Jan Borge"]
[Black "Bronnum, Jan"]
[Result "1/2-1/2"]
[WhiteElo "1973"]
[BlackElo "2202"]
[PlyCount "117"]
[EventDate "2004.07.24"]
[EventType "swiss"]
[EventRounds "10"]
[EventCountry "DEN"]
[SourceDate "2004.01.01"]

1. e4 d5 2. exd5 Qxd5 3. Nc3 Qa5 4. d4 c6 5. Bc4 Bf5 6. Nge2 e6 7. f3 Bd6 8.
Bf4 Qc7 9. Qd2 Nd7 10. g4 Bg6 11. h4 h5 12. Bxd6 Qxd6 13. O-O-O Nb6 14. Bb3
O-O-O 15. Nf4 Ne7 16. Nxg6 Nxg6 17. Ne4 Qc7 18. Qg5 Qf4+ 19. Qxf4 Nxf4 20. Ng5
Rd7 21. Rde1 Nbd5 22. Re5 Ng6 23. Bxd5 cxd5 24. Ree1 Nf4 25. Kd2 Rc7 26. Rh2
Kd8 27. c3 Ke7 28. Ke3 Ng6 29. Reh1 f6 30. Nh3 hxg4 31. fxg4 Rxh4 32. Nf2 Rxh2
33. Rxh2 Rc6 34. Nd3 e5 35. Nb4 Rd6 36. g5 a5 37. gxf6+ gxf6 38. Nd3 b6 39.
Rh7+ Ke6 40. Rg7 Nh4 41. dxe5 Nf5+ 42. Kd2 Nxg7 43. exd6 Kxd6 44. Ke3 Ne6 45.
b3 d4+ 46. cxd4 Kd5 47. a3 f5 48. Ne5 Nxd4 49. Nc4 Nxb3 50. Nxb6+ Kc5 51. Nd7+
Kd6 52. Nb6 Ke5 53. Nc4+ Kf6 54. Kf4 a4 55. Nb6 Nc5 56. Nd5+ Ke6 57. Nc3 Nd3+
58. Ke3 Nb2 59. Kf4 1/2-1/2

[Event "26. Copenhagen Open  (Politiken Cup)"]
[Site "Taastrup"]
[Date "2004.07.25"]
[Round "3"]
[White "Zyde, Fadmal"]
[Black "Jensen, Leif"]
[Result "0-1"]
[WhiteElo "1522"]
[BlackElo "2057"]
[PlyCount "49"]
[EventDate "2004.07.24"]
[EventType "swiss"]
[EventRounds "10"]
[EventCountry "DEN"]
[SourceDate "2004.01.01"]

1. e4 e6 2. d4 d5 3. Nc3 dxe4 4. Nxe4 Nd7 5. Bc4 Ngf6 6. Bg5 Be7 7. Bxf6 Nxf6
8. Nxf6+ Bxf6 9. c3 O-O 10. Nf3 b6 11. Ne5 Bb7 12. Qg4 Qd6 13. f4 Bxe5 14. fxe5
Qc6 15. Bf1 Qd5 16. h4 Rfd8 17. Rh3 c5 18. Be2 cxd4 19. Rg3 Qxe5 20. O-O-O dxc3
21. Rxd8+ Rxd8 22. Rxc3 Qd4 23. Rg3 Qd2+ 24. Kb1 Be4+ 25. Ka1 0-1

[Event "26. Copenhagen Open  (Politiken Cup)"]
[Site "Taastrup"]
[Date "2004.07.25"]
[Round "3"]
[White "Zyde, Furat"]
[Black "Jensen, Alexander Lindberg"]
[Result "0-1"]
[WhiteElo "1069"]
[BlackElo "1567"]
[PlyCount "64"]
[EventDate "2004.07.24"]
[EventType "swiss"]
[EventRounds "10"]
[EventCountry "DEN"]
[SourceDate "2004.01.01"]

1. d4 d5 2. Nc3 Nf6 3. Bf4 e6 4. a3 Bd7 5. e3 c5 6. b3 Qa5 7. Qd2 cxd4 8. exd4
Bb4 9. axb4 Qxa1+ 10. Nd1 Nc6 11. Be3 Ne4 12. Qc1 Nxd4 13. Bd3 Qxc1 14. Bxc1
Nf6 15. Bb2 Nc6 16. Ba3 Rc8 17. Ne3 Ne5 18. f4 Nxd3+ 19. cxd3 Rc3 20. Kd2 Rxb3
21. Nc2 Bb5 22. Nf3 Rxd3+ 23. Kc1 O-O 24. Nfd4 Ba4 25. b5 Rc8 26. Kb2 Rc4 27.
Rc1 h6 28. Nf3 Rxc2+ 29. Rxc2 Bxc2 30. Ne1 Rxa3 31. Kxa3 Be4 32. g3 Kf8 0-1

[Event "26. Copenhagen Open  (Politiken Cup)"]
[Site "Taastrup"]
[Date "2004.07.26"]
[Round "4"]
[White "Aandal, Kristian"]
[Black "Kotiranta, Vinni"]
[Result "1-0"]
[WhiteElo "1927"]
[BlackElo "1150"]
[PlyCount "75"]
[EventDate "2004.07.24"]
[EventType "swiss"]
[EventRounds "10"]
[EventCountry "DEN"]
[SourceDate "2004.01.01"]

1. d4 Nf6 2. c4 d6 3. Nc3 Nbd7 4. Nf3 b6 5. Bg5 Bb7 6. e3 Ne4 7. Nxe4 Bxe4 8.
Bd3 Bb7 9. Qc2 g6 10. Be4 Bxe4 11. Qxe4 f6 12. Bh4 a5 13. Qc6 Qc8 14. d5 Kf7
15. Qa4 Nc5 16. Qc2 Qf5 17. Qxf5 gxf5 18. O-O Nd3 19. b3 c5 20. dxc6 e5 21. a3
Rc8 22. Rfd1 e4 23. Nd4 Rg8 24. f4 Rg4 25. Bf2 h5 26. Rab1 h4 27. h3 Nxf2 28.
Kxf2 Rg6 29. b4 a4 30. b5 d5 31. cxd5 Ra8 32. Nxf5 Bxa3 33. d6 Ke6 34. Nd4+
Kxd6 35. Nc2+ Kc5 36. Nxa3 Rgg8 37. Rd4 f5 38. Rc1# 1-0

[Event "26. Copenhagen Open  (Politiken Cup)"]
[Site "Taastrup"]
[Date "2004.07.26"]
[Round "4"]
[White "Agustsson, Hafsteinn"]
[Black "Al Saad, Mofid"]
[Result "1-0"]
[WhiteElo "1957"]
[BlackElo "1493"]
[PlyCount "73"]
[EventDate "2004.07.24"]
[EventType "swiss"]
[EventRounds "10"]
[EventCountry "DEN"]
[SourceDate "2004.01.01"]

1. e4 Nf6 2. e5 Nd5 3. d4 d6 4. Nf3 g6 5. Bc4 c6 6. O-O Bg7 7. Re1 O-O 8. c3
Qc7 9. exd6 Qxd6 10. Nbd2 Nf6 11. Qe2 e6 12. Ne5 b5 13. Bd3 Na6 14. a4 Nc7 15.
Ne4 Nxe4 16. Qxe4 Nd5 17. axb5 cxb5 18. Bxb5 Rb8 19. Bd3 Bb7 20. Qe2 Ra8 21.
Nc4 Qc7 22. Na5 Nf6 23. Bg5 Rab8 24. g3 Nh5 25. Nxb7 Qxb7 26. b4 Qc7 27. Bd2
Rfd8 28. Ra5 Rb7 29. Be4 Rb6 30. Rea1 e5 31. Rxa7 Qd6 32. Qc4 Rf8 33. Bd5 exd4
34. Rxf7 Kh8 35. Raa7 Rbb8 36. Rad7 Qb6 37. cxd4 1-0

[Event "26. Copenhagen Open  (Politiken Cup)"]
[Site "Taastrup"]
[Date "2004.07.26"]
[Round "4"]
[White "Andersen, Rune"]
[Black "Adnoy, Hallvard V"]
[Result "1/2-1/2"]
[WhiteElo "2042"]
[BlackElo "2204"]
[PlyCount "94"]
[EventDate "2004.07.24"]
[EventType "swiss"]
[EventRounds "10"]
[EventCountry "DEN"]
[SourceDate "2004.01.01"]

1. d4 Nf6 2. c4 d6 3. Nc3 Nbd7 4. e4 c6 5. Nge2 e5 6. d5 a6 7. Ng3 cxd5 8. Nxd5
Nxd5 9. Qxd5 Nf6 10. Qd1 Be7 11. Be2 O-O 12. O-O Be6 13. Bg5 Rc8 14. b3 h6 15.
Be3 Qd7 16. Qd3 Rfe8 17. Rac1 Rc6 18. f4 exf4 19. Bxf4 Rec8 20. Nf5 Bf8 21. Nd4
Rc5 22. Rcd1 b5 23. cxb5 axb5 24. Nxb5 Rxb5 25. Qxb5 Qa7+ 26. Kh1 Nxe4 27. Bf3
Nf2+ 28. Rxf2 Qxf2 29. Qe2 Qc5 30. h3 Qa3 31. Rd4 g5 32. Bg3 Rc1+ 33. Kh2 Qc5
34. Rd1 Rc3 35. Rd3 Rc2 36. Rd2 Rc3 37. Rd3 d5 38. Rxc3 Qxc3 39. Be5 d4 40. Qe4
Bg7 41. Bxg7 Kxg7 42. Qe5+ Kg8 43. Be4 Qe3 44. Qb8+ Kg7 45. Qe5+ Kf8 46. Qd6+
Kg8 47. Qb8+ Kg7 1/2-1/2

[Event "26. Copenhagen Open  (Politiken Cup)"]
[Site "Taastrup"]
[Date "2004.07.26"]
[Round "4"]
[White "Andersson, Christin"]
[Black "Marder, Simon"]
[Result "0-1"]
[WhiteElo "2196"]
[BlackElo "2054"]
[PlyCount "64"]
[EventDate "2004.07.24"]
[EventType "swiss"]
[EventRounds "10"]
[EventCountry "DEN"]
[SourceDate "2004.01.01"]

1. e4 d5 2. exd5 Qxd5 3. Nc3 Qa5 4. d4 Nf6 5. Nf3 c6 6. Bd3 Bg4 7. O-O e6 8.
Be3 Nbd7 9. a3 Bd6 10. h3 Bh5 11. b4 Qc7 12. b5 g5 13. Bxg5 Rg8 14. Bh4 c5 15.
d5 Be5 16. dxe6 fxe6 17. b6 Qc6 18. Bg3 Bxf3 19. gxf3 Bxc3 20. Rb1 a6 21. Rb3
Bd4 22. Kh2 Ne5 23. Be2 O-O-O 24. Qc1 c4 25. Rb4 Nd5 26. c3 Nxc3 27. Bxc4 Nxf3+
28. Kh1 Rxg3 29. Qf4 Rxh3+ 30. Kg2 Rh2+ 31. Qxh2 Nxh2+ 32. Kxh2 a5 0-1

[Event "26. Copenhagen Open  (Politiken Cup)"]
[Site "Taastrup"]
[Date "2004.07.26"]
[Round "4"]
[White "Andreasen, Per Naesby"]
[Black "Hansen, Lars Bo"]
[Result "1/2-1/2"]
[WhiteElo "2309"]
[BlackElo "2572"]
[PlyCount "98"]
[EventDate "2004.07.24"]
[EventType "swiss"]
[EventRounds "10"]
[EventCountry "DEN"]
[SourceDate "2004.01.01"]

1. Nf3 d5 2. d4 Nf6 3. c4 e6 4. Bg5 Nbd7 5. e3 c6 6. Nbd2 Be7 7. Bd3 O-O 8. O-O
c5 9. cxd5 exd5 10. dxc5 Nxc5 11. Nb3 Nce4 12. Bh4 Bg4 13. Be2 Bd6 14. Rc1 Qe7
15. Nbd4 a6 16. h3 Bd7 17. Qb3 h6 18. Bxf6 Nxf6 19. Bd3 g6 20. Ne2 Rab8 21.
Rfe1 Rfd8 22. Nf4 Bc6 23. Nd4 Be8 24. a3 Qd7 25. Kf1 Be5 26. Bb1 Qd6 27. g3
Bxd4 28. exd4 Bb5+ 29. Kg2 Re8 30. Qc2 Ne4 31. Qc7 Qf6 32. f3 Nd2 33. Qc3 Nc4
34. Nxd5 Qd6 35. Nf4 Nb6 36. Qc5 Red8 37. Rcd1 Na4 38. Qxd6 Rxd6 39. Rd2 Rbd8
40. Red1 Bc4 41. Kf2 Bb3 42. Bc2 Bxc2 43. Rxc2 Rxd4 44. Rxd4 Rxd4 45. b3 Nb6
46. Rc7 Rd2+ 47. Ke3 Rb2 48. Rxb7 Rxb3+ 49. Ke4 Rb5 1/2-1/2

[Event "26. Copenhagen Open  (Politiken Cup)"]
[Site "Taastrup"]
[Date "2004.07.26"]
[Round "4"]
[White "Asberg, Anders"]
[Black "Hansen, Martin"]
[Result "1/2-1/2"]
[WhiteElo "2027"]
[BlackElo "1732"]
[PlyCount "59"]
[EventDate "2004.07.24"]
[EventType "swiss"]
[EventRounds "10"]
[EventCountry "DEN"]
[SourceDate "2004.01.01"]

1. e4 e6 2. d4 d5 3. e5 c5 4. c3 Nc6 5. Nf3 Qb6 6. Be2 cxd4 7. cxd4 Nh6 8. Bxh6
Qxb2 9. Nbd2 gxh6 10. Rb1 Qa3 11. O-O Qe7 12. Nb3 b6 13. Rc1 Bd7 14. Bb5 Nxe5
15. Rc7 Nxf3+ 16. Qxf3 Rd8 17. Rfc1 Qg5 18. Rxd7 Rxd7 19. Rc7 Qg6 20. Bxd7+ Kd8
21. Qc3 Qh5 22. Rc8+ Ke7 23. Bb5 Rg8 24. Qb4+ Kf6 25. Rxf8 Qd1+ 26. Bf1 Rxg2+
27. Kxg2 Qg4+ 28. Kh1 Qf3+ 29. Kg1 Qg4+ 30. Bg2 1/2-1/2

[Event "26. Copenhagen Open  (Politiken Cup)"]
[Site "Taastrup"]
[Date "2004.07.26"]
[Round "4"]
[White "Bach, Matthias"]
[Black "Svendsen, Mads Bilde"]
[Result "1-0"]
[WhiteElo "2354"]
[BlackElo "2151"]
[PlyCount "93"]
[EventDate "2004.07.24"]
[EventType "swiss"]
[EventRounds "10"]
[EventCountry "DEN"]
[SourceDate "2004.01.01"]

1. d4 g6 2. c4 Bg7 3. e4 d6 4. Nc3 Nc6 5. Be3 e5 6. Nge2 f5 7. d5 Nce7 8. f3
Nf6 9. Qd2 O-O 10. h3 c5 11. g4 f4 12. Bf2 Ne8 13. g5 a6 14. Nc1 Bd7 15. a3 Rb8
16. b4 b6 17. b5 a5 18. Nd3 Kh8 19. O-O-O h5 20. gxh6 Bxh6 21. h4 Nf6 22. Bh3
Bxh3 23. Rxh3 Qd7 24. Rdh1 Kg7 25. Kc2 Rh8 26. Na4 Qc7 27. Nxe5 dxe5 28. d6 Qd7
29. dxe7 Qxe7 30. Nc3 Rbd8 31. Nd5 Nxd5 32. cxd5 Qd7 33. a4 Bg5 34. h5 Be7 35.
Qc3 Bd6 36. Rh4 g5 37. Rg4 Kh6 38. Rhg1 Qe7 39. Qd2 Qf6 40. Bh4 Rhg8 41. Bxg5+
Rxg5 42. Rxg5 Qxg5 43. Rxg5 Kxg5 44. Qg2+ Kxh5 45. Qg7 Rf8 46. Qg4+ Kh6 47.
Qe6+ 1-0

[Event "26. Copenhagen Open  (Politiken Cup)"]
[Site "Taastrup"]
[Date "2004.07.26"]
[Round "4"]
[White "Bindzus, Niels"]
[Black "Trarup, Jorgen"]
[Result "1-0"]
[WhiteElo "2011"]
[BlackElo "1378"]
[PlyCount "51"]
[EventDate "2004.07.24"]
[EventType "swiss"]
[EventRounds "10"]
[EventCountry "DEN"]
[SourceDate "2004.01.01"]

1. e4 c5 2. Nf3 Nc6 3. d4 cxd4 4. Nxd4 e6 5. Nc3 g6 6. Be3 Bh6 7. Ndb5 Bxe3 8.
fxe3 Nge7 9. Nd6+ Kf8 10. Qf3 Ne5 11. Qf6 Rg8 12. Qxe5 Nc6 13. Qf4 Qe7 14. e5
Kg7 15. Bb5 a6 16. Bxc6 bxc6 17. O-O Rf8 18. Nce4 a5 19. Nf6 h6 20. Rf3 Ba6 21.
c4 Rab8 22. Raf1 Rxb2 23. Qxh6+ Kxh6 24. Rh3+ Kg5 25. Nfe4+ Kg4 26. Rf4# 1-0

[Event "26. Copenhagen Open  (Politiken Cup)"]
[Site "Taastrup"]
[Date "2004.07.26"]
[Round "4"]
[White "Bjarnason, Saevar"]
[Black "Holst, Conny"]
[Result "0-1"]
[WhiteElo "2318"]
[BlackElo "2141"]
[PlyCount "86"]
[EventDate "2004.07.24"]
[EventType "swiss"]
[EventRounds "10"]
[EventCountry "DEN"]
[SourceDate "2004.01.01"]

1. Nf3 Nf6 2. g3 g6 3. b3 Bg7 4. Bb2 O-O 5. Bg2 c5 6. c4 Nc6 7. O-O d5 8. cxd5
Nxd5 9. Bxg7 Kxg7 10. Qc1 Qd6 11. Nc3 Nxc3 12. Qxc3+ f6 13. Rac1 b6 14. d4 Nxd4
15. Nxd4 cxd4 16. Qc7 Rb8 17. Qxa7 Bd7 18. Rc7 Rfd8 19. Rfc1 Rbc8 20. R1c4 Kf7
21. h4 Be6 22. R4c6 Rxc7 23. Qxc7 Qxc7 24. Rxc7 d3 25. exd3 Rxd3 26. Rc2 Rd1+
27. Kh2 b5 28. Bf3 Ra1 29. Kg2 h5 30. Bc6 Bf5 31. Rd2 b4 32. Kf3 e5 33. Bb5 Ke7
34. Ke3 Re1+ 35. Be2 Bc8 36. f3 Ba6 37. Kf2 Rxe2+ 38. Rxe2 Bxe2 39. Kxe2 Kd6
40. Kd3 Kd5 41. Kc2 f5 42. Kd3 e4+ 43. Ke3 Ke5 0-1

[Event "26. Copenhagen Open  (Politiken Cup)"]
[Site "Taastrup"]
[Date "2004.07.26"]
[Round "4"]
[White "Borchgrevink, Harald"]
[Black "Hjelm, Niclas"]
[Result "0-1"]
[WhiteElo "2227"]
[BlackElo "2339"]
[PlyCount "88"]
[EventDate "2004.07.24"]
[EventType "swiss"]
[EventRounds "10"]
[EventCountry "DEN"]
[SourceDate "2004.01.01"]

1. c4 Nf6 2. Nc3 e6 3. d4 Bb4 4. Qc2 d5 5. Bg5 dxc4 6. Nf3 c5 7. Rd1 Qa5 8.
Bxf6 gxf6 9. a3 Bxc3+ 10. Qxc3 Qxc3+ 11. bxc3 cxd4 12. Nxd4 a6 13. e4 Rg8 14.
g3 Rg5 15. f4 Rc5 16. Bg2 Ra7 17. Kf2 Bd7 18. Rd2 b5 19. Rhd1 Ke7 20. Bf3 Nc6
21. Nxc6+ Bxc6 22. Rd8 Ra8 23. R1d7+ Bxd7 24. Rxa8 Rc6 25. e5 Rc5 26. exf6+
Kxf6 27. Rxa6 Rc7 28. Ke3 Be8 29. Be4 h6 30. g4 Ke7 31. h4 Rd7 32. g5 hxg5 33.
fxg5 Rd1 34. Kf4 f5 35. Bf3 Rf1 36. Ke3 e5 37. Ke2 Rc1 38. g6 Rc2+ 39. Kd1 Rxc3
40. g7 Rd3+ 41. Ke2 Bf7 42. Kf2 e4 43. Bh5 e3+ 44. Ke1 Bxh5 0-1

[Event "26. Copenhagen Open  (Politiken Cup)"]
[Site "Taastrup"]
[Date "2004.07.26"]
[Round "4"]
[White "Brasoy, Aksel"]
[Black "Willumsen, Niels Henrik"]
[Result "0-1"]
[WhiteElo "2004"]
[BlackElo "2178"]
[PlyCount "98"]
[EventDate "2004.07.24"]
[EventType "swiss"]
[EventRounds "10"]
[EventCountry "DEN"]
[SourceDate "2004.01.01"]

1. c4 e5 2. Nc3 Nc6 3. g3 Nf6 4. Bg2 Bb4 5. Nd5 Bc5 6. d3 d6 7. Nf3 O-O 8. Bg5
Be6 9. O-O Bxd5 10. cxd5 Nd4 11. e3 Nf5 12. g4 Ne7 13. Bxf6 gxf6 14. Nh4 c6 15.
dxc6 bxc6 16. Be4 d5 17. Bf5 Ng6 18. Nf3 Qb6 19. Qc2 Bd6 20. Rac1 Ne7 21. Nh4
Rab8 22. b3 Ba3 23. Rcd1 Qb4 24. d4 Kh8 25. Bxh7 e4 26. Bf5 Rg8 27. h3 Qd6 28.
f4 Rg7 29. Rf2 c5 30. Qe2 cxd4 31. exd4 Ng6 32. Bxg6 fxg6 33. Qe3 Rc8 34. f5 g5
35. Ng6+ Kg8 36. Kg2 Bb4 37. Rc1 Rgc7 38. Rxc7 Rxc7 39. Qg3 Qxg3+ 40. Kxg3 Be1
41. Kg2 Bxf2 42. Kxf2 Kf7 43. h4 Rc2+ 44. Kg3 gxh4+ 45. Kxh4 Rxa2 46. Nf4 Rb2
47. Nxd5 Rxb3 48. Nf4 a5 49. d5 a4 0-1

[Event "26. Copenhagen Open  (Politiken Cup)"]
[Site "Taastrup"]
[Date "2004.07.26"]
[Round "4"]
[White "Bronnum, Jan"]
[Black "Hansen, Rene Rauer"]
[Result "0-1"]
[WhiteElo "2202"]
[BlackElo "2066"]
[PlyCount "70"]
[EventDate "2004.07.24"]
[EventType "swiss"]
[EventRounds "10"]
[EventCountry "DEN"]
[SourceDate "2004.01.01"]

1. d4 Nf6 2. Nf3 g6 3. Bf4 Bg7 4. e3 d6 5. Nbd2 Nbd7 6. Bc4 c6 7. c3 O-O 8. a4
h6 9. h3 Nb6 10. Ba2 Bf5 11. g4 Be4 12. Nxe4 Nxe4 13. Qc2 d5 14. Ne5 e6 15. a5
Nd7 16. Nxd7 Qxd7 17. f3 Nd6 18. O-O Rac8 19. b4 Rce8 20. Bxd6 Qxd6 21. f4 b6
22. axb6 axb6 23. Bb1 c5 24. bxc5 bxc5 25. Ra5 cxd4 26. cxd4 Rc8 27. Qa2 Rc3
28. Qd2 Rfc8 29. Bd3 Qb4 30. Rb5 Qa3 31. Rd1 Rc1 32. Rxc1 Rxc1+ 33. Bf1 Qa1 34.
Qe2 Re1 35. Qd3 Rxe3 0-1

[Event "26. Copenhagen Open  (Politiken Cup)"]
[Site "Taastrup"]
[Date "2004.07.26"]
[Round "4"]
[White "Carlsen, Ellen Oen"]
[Black "Sandbech, Ted"]
[Result "0-1"]
[WhiteElo "1183"]
[BlackElo "1839"]
[PlyCount "54"]
[EventDate "2004.07.24"]
[EventType "swiss"]
[EventRounds "10"]
[EventCountry "DEN"]
[SourceDate "2004.01.01"]

1. e4 d5 2. exd5 Qxd5 3. Nc3 Qa5 4. d4 c6 5. Bd2 Qc7 6. Nf3 Bg4 7. Be2 e6 8.
O-O Nf6 9. Re1 Be7 10. Ne5 Bxe2 11. Qxe2 Nbd7 12. Nxd7 Qxd7 13. Be3 O-O 14.
Rad1 Rfe8 15. a3 Qc7 16. Na4 Bd6 17. g3 e5 18. Qd3 Rad8 19. Qb3 exd4 20. Bg5 b5
21. Rxe8+ Rxe8 22. Bxf6 gxf6 23. Rxd4 bxa4 24. Rxa4 f5 25. Qd3 c5 26. Qxf5 Re1+
27. Kg2 Qc6+ 0-1

[Event "26. Copenhagen Open  (Politiken Cup)"]
[Site "Taastrup"]
[Date "2004.07.26"]
[Round "4"]
[White "Cech, Pavel"]
[Black "Pedersen, Gunnar"]
[Result "1-0"]
[WhiteElo "2404"]
[BlackElo "2251"]
[PlyCount "81"]
[EventDate "2004.07.24"]
[EventType "swiss"]
[EventRounds "10"]
[EventCountry "DEN"]
[SourceDate "2004.01.01"]

1. d4 d5 2. c4 e6 3. Nc3 c5 4. e3 Nf6 5. Nf3 Nc6 6. a3 a6 7. cxd5 exd5 8. Be2
Bd6 9. dxc5 Bxc5 10. O-O O-O 11. b4 Bd6 12. Bb2 Re8 13. Qd3 Be6 14. Rfd1 Rc8
15. Rac1 Bb8 16. Na4 Ne4 17. Nc5 Nxc5 18. Rxc5 Qe7 19. Rdc1 f6 20. Qd1 Ba7 21.
R5c2 d4 22. Nxd4 Bxd4 23. Bxd4 Bb3 24. Bc4+ Bxc4 25. Rxc4 Rcd8 26. h3 Qe6 27.
Qf3 Rd5 28. Ba1 Red8 29. h4 Rd3 30. Rg4 Ne5 31. Bxe5 Qxe5 32. g3 Rxa3 33. Qxb7
f5 34. Rf4 h6 35. Rc5 Qe6 36. Rcxf5 Ra1+ 37. Kh2 Ra2 38. Rf7 Qg6 39. Qe7 Rdd2
40. Rf8+ Kh7 41. R4f6 1-0

[Event "26. Copenhagen Open  (Politiken Cup)"]
[Site "Taastrup"]
[Date "2004.07.26"]
[Round "4"]
[White "Christensen, Janus"]
[Black "Olsen, Peter Erik"]
[Result "0-1"]
[WhiteElo "2054"]
[BlackElo "2243"]
[PlyCount "160"]
[EventDate "2004.07.24"]
[EventType "swiss"]
[EventRounds "10"]
[EventCountry "DEN"]
[SourceDate "2004.01.01"]

1. e4 d5 2. exd5 Qxd5 3. Nc3 Qa5 4. d4 Nf6 5. Nf3 Bg4 6. h3 Bxf3 7. Qxf3 c6 8.
Bc4 e6 9. O-O Bb4 10. Ne4 Nbd7 11. c3 Be7 12. b4 Qd8 13. Nc5 b6 14. Nd3 O-O 15.
Ba6 Nd5 16. Bb7 Rb8 17. Bxc6 N7f6 18. Ne5 Rc8 19. b5 h6 20. Rd1 Bd6 21. Bb2 Qc7
22. Rac1 Bxe5 23. dxe5 Qxe5 24. Ba3 Rfd8 25. c4 Nf4 26. Re1 Qf5 27. Rcd1 Rd3
28. Rxd3 Qxd3 29. Qxd3 Nxd3 30. Re3 Rd8 31. Kf1 Rd4 32. g3 e5 33. Ke2 e4 34. f3
Ne5 35. Bxe4 Nxc4 36. Rc3 Rd2+ 37. Ke1 Nxe4 38. fxe4 Rxa2 39. Bb4 Ne5 40. Bd6
f6 41. Rc8+ Kh7 42. Bxe5 fxe5 43. Re8 Ra5 44. Rxe5 a6 45. Re6 Rxb5 46. Kd2 a5
47. Kc3 a4 48. Kc4 Rb3 49. e5 b5+ 50. Kd4 Rxg3 51. Rb6 Rxh3 52. Rxb5 g5 53. Ke4
Rh4+ 54. Kd5 Kg6 55. Rb6+ Kf7 56. Rb7+ Ke8 57. Ke6 Kd8 58. Kf7 Rf4+ 59. Kg6 g4
60. Rf7 Rf3 61. e6 Ke8 62. Ra7 a3 63. Kh5 g3 64. Kg4 g2 65. Kxf3 g1=Q 66. Rxa3
Qe1 67. Re3 Qh1+ 68. Kf4 Ke7 69. Kf5 Qh5+ 70. Kf4 Qg5+ 71. Kf3 h5 72. Kf2 h4
73. Rf3 Kxe6 74. Kf1 Qg4 75. Rf2 h3 76. Rh2 Qg3 77. Re2+ Kd5 78. Rd2+ Kc4 79.
Rc2+ Kd3 80. Re2 h2 0-1

[Event "26. Copenhagen Open  (Politiken Cup)"]
[Site "Taastrup"]
[Date "2004.07.26"]
[Round "4"]
[White "Eddy, Samuel"]
[Black "Fredriksen, Jan Gunnar"]
[Result "0-1"]
[WhiteElo "2048"]
[BlackElo "1766"]
[PlyCount "52"]
[EventDate "2004.07.24"]
[EventType "swiss"]
[EventRounds "10"]
[EventCountry "DEN"]
[SourceDate "2004.01.01"]

1. d4 d5 2. Nc3 Nf6 3. Bg5 Bf5 4. f3 Nbd7 5. e4 dxe4 6. Bc4 c6 7. Qd2 exf3 8.
Nxf3 h6 9. Bxf6 Nxf6 10. Ne5 e6 11. O-O Bh7 12. Rae1 Be7 13. Qe3 Qd6 14. Ne2
Bxc2 15. Nf4 O-O 16. Nxf7 Rxf7 17. Bxe6 Raf8 18. Qc3 Be4 19. Qb3 Qxd4+ 20. Kh1
b6 21. Bxf7+ Rxf7 22. Ne6 Qe5 23. Nf4 Bd6 24. Re2 g5 25. Qg3 Nd5 26. Rxe4 Qxe4
0-1

[Event "26. Copenhagen Open  (Politiken Cup)"]
[Site "Taastrup"]
[Date "2004.07.26"]
[Round "4"]
[White "Eiholt, Bjarne"]
[Black "Jensen, Jan Erik"]
[Result "1-0"]
[WhiteElo "1542"]
[BlackElo "1259"]
[PlyCount "37"]
[EventDate "2004.07.24"]
[EventType "swiss"]
[EventRounds "10"]
[EventCountry "DEN"]
[SourceDate "2004.01.01"]

1. d4 d5 2. c4 Nf6 3. Nc3 Bf5 4. Qb3 b6 5. cxd5 Ne4 6. Bf4 Nxc3 7. bxc3 Be4 8.
c4 Bg6 9. Nf3 Qc8 10. e3 Nd7 11. Be2 Nf6 12. O-O Nh5 13. Bg5 h6 14. Bh4 e6 15.
dxe6 Qxe6 16. Ne5 Be7 17. Bxe7 Qxe7 18. Qb5+ Kd8 19. Nc6+ 1-0